000 00961nam a2200229Ia 4500
999 _c39252
_d39252
001 5838
003 GE_BSU
005 20190918161827.0
008 181216s1955||||ge |||||||||||||| ||geo||
040 _cGE_BSU
041 _ageo
080 _a821.353.1-1+821.353.1-144 ა-58
100 _aამისულაშვილი, შ.
_94041
245 _aლექსები და ბალადები :
_b საუბარი გაზაფხულთან /
_cშალვა ამისულაშვილი ; რედ. თ. შავიშვილი.
264 _aთბილისი :
_bსაბჭოთა მწერალი ;
_c1955.
300 _a92 გვ. ;
_c17 სმ.
653 _aლექსები
653 _aბალადები
653 _aსაუბარი გაზაფხულთან
700 _aშავიშვილი, თ.
_eრედაქტორი
_94098
942 _cBK
_2udc